000
00303nam a2200145Ia 4500
100
_a
Bhirud/G.N
490
_v
I
942
_c
BK
654
_a
Engg. mathematics
245
_a
Engg. mathematics
260
_b
Shree Engineering pub.
_a
Bombay
_c
1993
300
_a
443
546
_a
ENGLISH
999
_c
22049
_d
22049